000 00393nam a2200181Ia 4500
008 210210b1948 xxu||||| |||| 00| 0 eng d
041 _aeng
082 _a828/348
100 _aKELLER (H)
245 _aStory of my life
260 _aLondon
_bLongman Green & Co.
_c1948
650 _aStory
650 _aof
650 _amy
650 _alife
690 _aBiography
906 _a016193
999 _c135603
_d135603